000 00432nam a22001697a 4500
003 BD-ChCU
005 20260113092314.0
008 260113b bg ||||| |||| 00| 0 ben d
040 _cBD-ChCU
082 _a658 STC
100 _aStrong, Earl P.
_919069
245 _aA concept of management.
_cEarl P. Strong.
260 _aNew York
_bHarper & Row.
_c1965
300 _a56p
650 0 _aManagement.
_919072
942 _2ddc
_cBK
_n0
999 _c110954
_d110954